Statistics for Kan du nævne disse 50 tilfældige lande?

Click here to take the quiz!

General Stats

  • This quiz has been taken 230 times
  • The average score is 23 of 50

Answers on the Map

Answers color-coded by a green-red scale on the quiz's map according to % correct below.
 

Answer Stats

Country% Correct
Australien
100%
Canada
100%
Danmark
100%
Estland
100%
Frankrig
100%
Kina
100%
New Zealand
100%
Norge
100%
Rusland
100%
Storbritannien
100%
Sverige
100%
United States
100%
Italien
95%
Mexico
94%
Brasilien
93%
Spanien
93%
Egypten
92%
Island
92%
Argentina
91%
Finland
88%
Japan
88%
Algeriet
87%
Indien
85%
Senegal
85%
Letland
83%
Tyskland
83%
Vietnam
83%
Chile
82%
Belgien
81%
Indonesien
80%
Irland
80%
Portugal
80%
Ukraine
80%
Holland
79%
Mongoliet
79%
Saudi Arabien
79%
Polen
77%
Syd Afrika
76%
Madagaskar
75%
Sudan
75%
Peru
74%
Litauen
73%
Østrig
73%
Ghana
71%
Kenya
70%
Cuba
69%
Ecuador
69%
Bolivia
67%
Iran
67%
Nord Korea
67%
Pakistan
67%
Syd Korea
67%
Thailand
67%
Hviderusland
64%
Nigeria
64%
Somalia
64%
Paraguay
63%
Tyrkiet
63%
Montenegro
62%
Nepal
61%
Serbien
61%
Malawi
60%
Schweiz
60%
Syd Sudan
60%
Uganda
60%
Bosnien-Hercegovina
59%
Ungarn
59%
Kasakhstan
58%
Kroatien
58%
Taiwan
58%
Colombia
57%
Mali
57%
Elfenbenskysten
56%
Filippinerne
56%
Albanien
55%
Moldova
55%
Belize
54%
Honduras
54%
Venezuela
54%
Armenien
53%
Tjekkiet
53%
Uruguay
53%
Libyen
52%
Grækenland
50%
Jamaica
50%
Malaysia
50%
Oman
50%
Qatar
50%
Slovakiet
50%
Tchad
50%
Togo
50%
Zambia
50%
Republikken Congo
47%
Irak
46%
Botswana
44%
Den Dominikanske Republik
44%
El Salvador
44%
Eswatini
44%
Jordan
44%
Mozambique
44%
Sri Lanka
44%
Turkmenistan
44%
Laos
43%
Nicaragua
43%
Panama
43%
Bulgarien
42%
Namibia
42%
Yemen
42%
Zimbabwe
42%
Angola
41%
Bahamas
40%
Cambodia
40%
Costa Rica
40%
Lesotho
40%
Tanzania
40%
Guyana
39%
Afghanistan
38%
Cypern
38%
Guinea
38%
Haiti
38%
Liberia
38%
Papua Ny Guinea
38%
Slovenien
38%
Tunisien
38%
Burundi
36%
Eritrea
36%
Syrien
36%
Israel
35%
Kiribati
35%
Suriname
35%
Den Demokratiske Republik Congo
33%
Gambia
33%
Guatemala
33%
Kosovo
33%
Myanmar
33%
Niger
33%
Rwanda
33%
Sierra Leone
33%
Ethiopien
32%
Gabon
32%
Ækvatorial Guinea
30%
Georgien
30%
Morokko
30%
Mauritanien
29%
Aserbajdsjan
28%
Djibouti
27%
Burkina Faso
25%
Cameroon
25%
Kuwait
25%
Mikronesien
25%
Usbekistan
25%
Fiji
23%
Kirgisistan
22%
Øst Timor
22%
Den Centralafrikanske Republik
21%
Benin
20%
Bhutan
18%
Cape Verde
18%
Nord Makedonien
18%
Libanon
16%
Salomonøerne
13%
Palau
12%
Marshalløerne
10%
Guinea Bissau
9%
Trinidad & Tobago
8%
Vanuatu
8%
Romanien
7%
Seychellerne
7%
Tadsjikistan
5%
Bangladesh
0%
Comorerne
0%
De Forenede Arabiske Emirater
0%
Mauritius
0%

Score Distribution

Percentile by Number Answered

Percent of People with Each Score

Your Score History

You have not taken this quiz